000 00621nam a22002177a 4500
003 UA-OsUOA
001 96467
007 ta
008 20130319b un ||||| |||| 00| 0 ukr d
100 _aСитник О.М.
090 _a32
_bС41
942 _cSA
040 _aUA-OsUOA
_bukr
_cUA-OsUOA
_dUA-OsUOA
245 _aФормування ідеологічно-доктринальної політики нацистського окупаційного режиму в Україні
300 _aС.60-64
955 _a0
041 _aukr
080 _a32
773 0 _w96462
650 7 _a32 Політика
_2UDC
999 _c382726
_d382726